|
|
|
|
| LEADER |
00000nam0a2200000 4500 |
| 001 |
286108 |
| 005 |
20231101235847.0 |
| 035 |
|
|
|a (RuTPU)RU\TPU\book\310398
|
| 090 |
|
|
|a 286108
|
| 100 |
|
|
|a 20150303d1984 k y0rusy50 ca
|
| 101 |
0 |
|
|a rus
|
| 102 |
|
|
|a BY
|
| 105 |
|
|
|a a z 001zy
|
| 200 |
1 |
|
|a Методы разведочной геофизики в БССР
|e сборник научных трудов
|f Академия наук Белорусской ССР (АН БССР), Институт геохимии и геофизики ; под ред. С. В. Клушина
|
| 210 |
|
|
|a Минск
|c Изд-во ИГиГ
|d 1984
|
| 215 |
|
|
|a 174 с.
|c ил.
|
| 320 |
|
|
|a Библиография в конце статей
|
| 606 |
|
|
|a Геофизика промысловая
|2 stltpush
|3 (RuTPU)RU\TPU\subj\51479
|9 70072
|
| 610 |
1 |
|
|a Восточно-Европейская платформа
|
| 610 |
1 |
|
|a глубокое бурение
|
| 610 |
1 |
|
|a разрезы
|
| 610 |
1 |
|
|a геолого-геофизические характеристики
|
| 610 |
1 |
|
|a упругие волны
|
| 610 |
1 |
|
|a сейсморазведка
|
| 610 |
1 |
|
|a сейсмические волны
|
| 610 |
1 |
|
|a карбонатные коллекторы
|
| 610 |
1 |
|
|a свойства
|
| 610 |
1 |
|
|a нефть
|
| 610 |
1 |
|
|a газ
|
| 610 |
1 |
|
|a поиски
|
| 610 |
1 |
|
|a нефтеносность
|
| 610 |
1 |
|
|a прогноз
|
| 610 |
1 |
|
|a электромагнитные поля
|
| 610 |
1 |
|
|a расчет
|
| 675 |
|
|
|a 550.83
|v 3
|
| 702 |
|
1 |
|a Клушин
|b С. В.
|4 340
|
| 712 |
0 |
2 |
|a Академия наук Белорусской ССР (АН БССР)
|b Институт геохимии и геофизики
|2 stltpush
|3 (RuTPU)RU\TPU\col\11735
|
| 801 |
|
1 |
|a RU
|b 63413507
|c 20150303
|
| 801 |
|
2 |
|a RU
|b 63413507
|c 20171222
|g RCR
|
| 942 |
|
|
|c BK
|